| 000 | 00454nam a2200157 i 4500 | ||
|---|---|---|---|
| 001 | 90182 | ||
| 003 | ES-MaACL | ||
| 005 | 20230906180353.0 | ||
| 007 | t| | ||
| 008 | 050119s1908 fr ||||1| fre d | ||
| 100 | 1 |
_aLe Dantec, Félix. _970865 |
|
| 245 | 1 | 0 |
_aScience et conscience _b: philosophie du XXe siècle / _cFélix Le Dantec. |
| 260 |
_aParis : _b[s.n., _c1908] ( _fHemmerlé et Cie.) |
||
| 300 |
_a328 p. ; _c19 cm. |
||
| 852 |
_aES-MaACL _jF-6140 |
||
| 999 |
_c90182 _d90182 |
||